| 000 | 007050000a22001690004500 | ||
|---|---|---|---|
| 010 | _a2010048918 | ||
| 020 | _a9780062037671 0062037676 | ||
| 100 | _aDunn, Matthew. | ||
| 245 | _aSpycatcher | ||
| 260 |
_aNew York. _bWilliam Morrow. _c12/30/2011 |
||
| 300 | _a418 p. ; 24 cm. | ||
| 500 | _aUnpredictable agent Will Cochrane must catch the world's most wanted international terrorist mastermind, who was responsible for the death of his father in Iraq twenty-five years ago, and avert an attack the likes of which the world has never seen. | ||
| 590 | _b46431 | ||
| 650 | _aIntelligence officers -- Fiction. | ||
| 650 | _aInternational relations -- Fiction. | ||
| 852 | _oF DUN | ||
| 999 |
_c36941 _d36941 |
||